ბათუმის შოთა რუსთაველის სახელმწიფო უნივერსიტეტის ბიბლიოთეკა

კომენტარი დებულებისა კოლმეურნეობის წევრებისათვის პენსიების დანიშვნისა და გაცემის წესის შესახებ / (ბიბ.ჩანაწერი № 63520)

000 -ლიდერი
ფიქსირებული სიგრძის საკონტროლო ველი 01315nam a22002057a 4500
003 - საკონტროლო ნომრის იდენტიფიკატორი
საკონტროლო ველი Ge_BSU
005 - ბოლო ოპერაციის თარიღი და დრო
საკონტროლო ველი 20251023144346.0
008 - ფიქსირებული სიგრძის მონაცემთა ელემენტები - ზოგადი ინფორმაცია
ფიქსირებული სიგრძის საკონტროლო ველი 251023s1983 ge ||||| |||| 00| 0 geo d
041 ## - ენის კოდი
Language code of text/sound track or separate title geo
080 ## - უნივერსალური ათობითი კლასიფიკაციის ინდექსი
Universal Decimal Classification number 369.2/8(47+57) მ-77
100 ## - მთავარი ჩანაწერი - პიროვნების სახელი
Personal name მიხალკევიჩი, ვ.ნ.
9 (RLIN) 26100
245 ## - ცნობა სათაურის შესახებ
Title კომენტარი დებულებისა კოლმეურნეობის წევრებისათვის პენსიების დანიშვნისა და გაცემის წესის შესახებ /
Statement of responsibility, etc ვ.ნ. მიხალკევიჩი, გ.ს. შედეროვა, ი.მ. ფოგელი; საქ. სსრ სოცუზრუნველყოფის სამინისტრო.
264 ## - წარმოების, გამოცემის, დისტრიბუციის და სხვა ცნობები
გამოცემის, წარმოების, დისტრიბუციის... ადგილი თბ. :
გამოცემის, წარმოების, დისტრიბუციის... სახელწოდება საბჭ. საქართველო,
გამოცემის, წარმოების, დისტრიბუციის... თარიღი 1983.
300 ## - ფიზიკური აღწერა
Extent 334 გვ. ;
Other physical details 21 სმ.
500 ## - ზოგადი შენიშვნა
General note ანბანურ-საგნობრივი საძიებელი: გვ. 324-333.
653 ## - INDEX TERM--UNCONTROLLED
Uncontrolled term კოლმეურნეობების წევრების პენსიები
700 ## - ADDED ENTRY--PERSONAL NAME
Personal name შედეროვა, გ.ს.
Relator term ავტორი
9 (RLIN) 26101
700 ## - ADDED ENTRY--PERSONAL NAME
Personal name ფოგელი, ი.მ.
Relator term ავტორი
9 (RLIN) 26102
942 ## - ADDED ENTRY ELEMENTS (KOHA)
Source of classification or shelving scheme
Koha item type წიგნი
ეგზემპლარები
ჩამოწერის სტატუსი დაკარგული ეგზემპლარის სტატუსი კლასიფიკაციის წყარო ან თაროზე გაწყობის სქემა დაზიანების სტატუსი არ გაიცემა მუდმივი მდებარეობა (დაცვის ადგილი) ამჟამინდელი ადგილსამყოფელი თაროზე განთავსების ადგილი შეძენის თარიღი ღირებულება, შესყიდვის ნორმალური ფასი სრული შენახვის შიფრი შტრიხკოდი ბოლო ოპერაციის თარიღი ეგზემპლარის მიმდევრობითი ნომერი (კეტერი?) ფასის ძალაში შესვლის თარიღი ეგზემპლარის სახეობა საჯარო შენიშვნა
          ბათუმის შოთა რუსთაველის სახელმწიფო უნივერსიტეტის მთავარი ბიბლიოთეკა ბათუმის შოთა რუსთაველის სახელმწიფო უნივერსიტეტის მთავარი ბიბლიოთეკა წიგნსაცავი 2025-10-23 5.00 369.2/8(47+57) მ-77 72794 2025-10-23 72794 2025-10-23 წიგნი 5 ლ.